Häufigste vier Anfangsbuchstaben der Gemeinden Öst. - Statistiken

Allgemein
  • Dieses Quiz wurde 30 mal gespielt
  • Das Durchschnittsergebnis liegt bei 3 aus 10
Antwortstatistiken
# Größte Gemeinde Anfang % Korrekt
30 Oberwart OBER
50%
28 Groß-Enzersdorf GROS
38%
21 Kirchbichl KIRC
38%
16 St. Georgen an der Gusen STGE
38%
13 Unterweißenbach UNTE
38%
16 Maria Enzersdorf MARI
31%
22 St. Marien STMA
27%
13 Schörfling am Attersee SCHO
19%
21 Schwechat SCHW
19%
13 Walding WALD
15%
Keine übereinstimmenden Quizze gefunden
Verteilung der Resultate
Anzahl Personen mit jedem Resultat
Perzentil nach korrekt beantworteten Fragen
Ihre Resultats-Entwicklung
Sie haben dieses Quiz noch nicht gespielt